00621nam a22002057a 450000500170000001000130001702000220003003500130005203700160006504000120008108200130009324501100010626000410021627000550025730000210031265000160033365000220034970000210037170000230039220170124110159.0 aB-061205 c00.00a8173043795 aB-061205 bCen Lib/Ret aDPLbEN a080bUNF aThe unfinished agenda :cedited by Mushirul Hasan [and] Nariaki Nakazatobnation-building in South Asia / aNew Delhi bManohar Publishersc2001 a4753/23 Ansari Road, DaryaganjbNew Delhi e110002 a536p. c22cm(Hb) aNationalism aPolitical culture aHasan, Mushirul  aNakazato, Nariaki